Normal view
MARC view
Entry Personal Name
001 - CONTROL NUMBER
- control field: 13187
003 - CONTROL NUMBER IDENTIFIER
- control field: OSt
005 - DATE AND TIME OF LATEST TRANSACTION
- control field: 20200120153324.0
008 - FIXED-LENGTH DATA ELEMENTS
- fixed length control field: 200120|| aca||aabn | a|a d
040 ## - CATALOGING SOURCE
- Original cataloging agency: OSt
- Transcribing agency: OSt
100 ## - HEADING--PERSONAL NAME
- Personal name: McConnell,Campbell,R;Brue,L.Stanley;Barbiero,P.Thomas;
670 ## - SOURCE DATA FOUND
- Source citation: Work cat.: (OSt): McConnell,Campbell,R;Brue,L.Stanley;Barbiero,P.Thomas;, Micro Economics:, 1996.
